000
00310nam a2200145Ia 4500
100
_a
Whitaker/Jerry
942
_c
BK
654
_a
Electronic displays
245
_a
Electronic Displays
260
_b
Tata Mc Graw hill
_c
2002
082
_a
621.3987
_b
WHI
300
_a
391
546
_a
ENGLISH
999
_c
28544
_d
28544